Statistiques concernant QCM Premier Empire.

Cliquez ici pour prendre le quiz!

Statistiques générales

  • Ce quiz a été pris 614 fois
    (468 depuis la dernière actualisation)
  • Le résultat moyen est 12 sur 15

Statistiques - réponses

QuestionRéponse% Correct
Quel décoration créée par Napoléon est toujours la plus haute distinction française?La Légion d'honneur
96%
En quelle année Napoléon se fait-il sacré?1804
93%
Quel fut la dernière défaite de Napoléon qui conduisit a sa seconde abdication et son second exil?Waterloo
90%
Sur quel île fut-il alors exilé?Île de Saint-Hélène
88%
Quelle est la plus célèbre victoire de Napoléon?Austerlitz
87%
Avec la fille de quel souverain européen Napoléon se marie-t-il?L'empereur d'Autriche
86%
Parmi ces listes, laquelle donne trois victoire du 1er Empire?Austerlitz,Wagram,Iéna
85%
Comment se nomme la période du retour au pouvoir de Napoléon?Les Cents-Jours
84%
Laquelle trois défaites?Waterloo,Trafalgar,Kulm
84%
Sur quelle île est exilé Napoléon suite à sa première abdication?Île d'Elbe
82%
En quelle année mourut Napoléon?1821
75%
A quel régime succède le premier Empire?Le Consulat
71%
En quelle année eu lieu la campagne de Russie?1812
70%
En quelle année la remporta-t-il?1805
66%
En quelle année a lieu cette dernière?1814
60%

Distribution des résultats

Percentile par nombre de réponses

% des personnes avec chaque résultat

Votre développement - résultats

Vous n’avez pas pris ce quiz depuis la dernière actualisation